| 000 | 00561nam a2200205Ia 4500 | ||
|---|---|---|---|
| 005 | 20250326144416.0 | ||
| 008 | 250326s9999 xx 000 0 und d | ||
| 020 | _a978-0-230-55527-9 | ||
| 037 | _aTextbook | ||
| 040 |
_aFMSL _beng _cFMSL |
||
| 041 |
_aeng _2eng |
||
| 084 |
_aX:321(SNI) P3 _qFMSL |
||
| 100 |
_aDesmond John _9289703 |
||
| 245 | 0 |
_aComsuming behavior _cDesmond John |
|
| 260 |
_aNY _bNY, Plagrave _c2003 |
||
| 300 | _axviii,430 | ||
| 365 | _b736.96230000000003 | ||
| 942 |
_cTB _hX:321(SNI) P3 |
||
| 999 |
_c1303597 _d1303597 |
||